000 00629 a2200193 4500
020 _a3540404481
020 _a9783540404484
082 0 4 _a515.353
090 _c511
_d511
100 1 _aArnold, Vladimir I.
245 1 0 _aLectures on partial differential equations /
_cVladimir I. Arnold, Roger Cooke.
260 _a[S.l.] :
_bSpringer,
_c2004.
300 _a157 p. ;
_c24 cm.
490 1 _aUniversitext.
700 1 _aCooke, Roger.
830 0 _aUniversitext.
942 _aSNS
_cBK
_k515.353 ARN
999 _c29142
_d29142